[Event "Moscow Tal Memorial 7th Blitz"]
[Site "Moscow"]
[Date "2012.06.07"]
[Round "2"]
[White "Grischuk, Alexander"]
[Black "Radjabov, Teimour"]
[Result "1/2-1/2"]
[WhiteElo "2761"]
[BlackElo "2784"]
[PlyCount "52"]
[EventDate "2012.06.07"]
[EventType "tourn (blitz)"]
[EventRounds "9"]
[EventCountry "RUS"]
[EventCategory "22"]
[SourceTitle "CBM 148 Extra"]
[Source "ChessBase"]
[SourceDate "2012.06.22"]
[SourceVersion "1"]
[SourceVersionDate "2012.06.22"]
[SourceQuality "1"]

1. g3 d5 2. Nf3 c6 3. c4 Nf6 4. Bg2 e6 5. O-O Nbd7 6. d4 Bd6 7. Nfd2 e5 8. cxd5
cxd5 9. dxe5 Nxe5 10. Nc3 Be6 11. Qa4+ Nc6 12. e4 d4 13. Nd5 O-O 14. Nb3 d3 15.
Bg5 Bxd5 16. exd5 Ne5 17. Rad1 h6 18. Bf4 Nfd7 19. Nc1 Qb6 20. Qb3 g5 21. Bxe5
Nxe5 22. Nxd3 Qxb3 23. axb3 Nxd3 24. Rxd3 Rac8 25. Re3 Bc5 26. Re2 Bd6 1/2-1/2

[Event "Moscow Tal Memorial 7th Blitz"]
[Site "Moscow"]
[Date "2012.06.07"]
[Round "5"]
[White "Radjabov, Teimour"]
[Black "Aronian, Levon"]
[Result "1-0"]
[WhiteElo "2784"]
[BlackElo "2825"]
[PlyCount "93"]
[EventDate "2012.06.07"]
[EventType "tourn (blitz)"]
[EventRounds "9"]
[EventCountry "RUS"]
[EventCategory "22"]
[SourceTitle "CBM 148 Extra"]
[Source "ChessBase"]
[SourceDate "2012.06.22"]
[SourceVersion "1"]
[SourceVersionDate "2012.06.22"]
[SourceQuality "1"]

{Missing moves added. Part 1: https://www.youtube.com/watch?v=Z8L1K7wBg_Q Part
2: https://www.youtube.com/watch?v=RgTGbdUZQ5M Part 3: https://www.youtube.com/
watch?v=mAppD869lc0} 1. d4 d5 2. Nf3 c6 3. c4 Nf6 4. e3 Bg4 5. Nbd2 e6 6. Bd3
Nbd7 7. b3 Bd6 8. Bb2 Qb8 9. Qc2 a5 10. a3 Bh5 11. h3 Bg6 12. Bxg6 hxg6 13. O-O
Rh5 14. e4 dxe4 15. Nxe4 Nxe4 16. Qxe4 Kf8 17. Rfe1 Kg8 18. Rad1 Qf8 19. a4 Rd8
20. Qc2 Rf5 21. Rd3 Rh5 22. Red1 Qe7 23. Re3 Qf8 24. Qe2 Bf4 25. Red3 Bc7 26.
h4 Qe8 27. g3 Nf8 28. Ng5 f6 29. Ne4 b6 30. Re1 g5 31. hxg5 f5 32. Nd2 Rxg5 33.
Nf3 Rg4 34. d5 cxd5 35. cxd5 Re4 36. Qc2 exd5 37. Red1 Bb8 38. Rxd5 Rxd5 39.
Rxd5 Qh5 40. Kg2 Qf7 41. Qd3 Ne6 42. Be5 Bxe5 43. Rxe5 Rxe5 44. Nxe5 Qf6 45.
Qd5 Kh7 46. Nd7 Qg6 47. Qxe6 1-0

[Event "Moscow Tal Memorial 7th"]
[Site "Moscow"]
[Date "2012.06.08"]
[Round "1"]
[White "Radjabov, Teimour"]
[Black "Tomashevsky, Evgeny"]
[Result "1-0"]
[WhiteElo "2784"]
[BlackElo "2738"]
[Annotator "Radjabov,T"]
[PlyCount "61"]
[EventDate "2012.06.08"]
[EventType "tourn"]
[EventRounds "9"]
[EventCountry "RUS"]
[EventCategory "22"]
[SourceTitle "CBM 149"]
[Source "ChessBase"]
[SourceDate "2012.07.17"]
[SourceVersion "1"]
[SourceVersionDate "2012.07.17"]
[SourceQuality "1"]

{The first round of the Tal Memorial. After an exciting blitz the day before,
everybody was ready to show that the classical part of the game, classical
chess is no less entertaining.} 1. e4 e5 2. Nf3 Nc6 3. d4 exd4 4. Nxd4 Bc5 5.
Nb3 Bb6 6. Nc3 d6 7. Qe2 {This strange-looking move is quite understandable,
White wants to develop his c1-bishop to e3, so the queen goes to e2 to support
it and avoid doubling of pawns.} Nge7 8. Be3 O-O 9. O-O-O f5 {The most natural,
Black is challenging White's central e4-pawn, undermining White's plans for
central domination.} 10. exf5 Bxf5 (10... Nxf5 $5) 11. h3 $5 {Trying to play
g4 without ruining the structure.} ({As the immediate} 11. g4 {would run into}
Bxe3+ 12. fxe3 Be6 $5 {when Black achieves an outpost for the knight on e5 and
probably an equal game.}) 11... Bd7 $5 {Anticipating g4 and thus opening the
f-file for the rook which is helpful in case of g4 let's say, as Black will be
able to have something like...} 12. Qd2 $5 {One more strange move, but I didnt
want to take on b6 and open a line at the same time as the bishop on f1 is
asking for air.} ({...} 12. g4 Ng6 $5 13. Nd5 Kh8 {and even though White is
maybe a little better, but I am not sure about White's pure intentions in the
centre, meanwhile Black will start to harass the pawns on g4 and f2 with ...
Qh4.}) 12... Bxe3 13. Qxe3 Kh8 (13... Qe8 $5 {I thought it's the best move, as
now Black waits for Bc4+ meanwhile preparing ...Qf7 attacking f2 with tempo
and ...Rae8 to follow.} 14. f4 $5 (14. g4 $5) (14. Bc4+ $6 Kh8 15. Rhe1 Qg6 {
attacking on g2 and I am not sure Qg3 is that good.}) 14... Qf7 15. g3 Nf5 16.
Qf2 Rae8 17. Nd5 $36) 14. Bd3 (14. f4 $5 Nf5 15. Qf3 Qh4 16. g4 Qg3 17. Qxg3
Nxg3 18. Rg1 Nxf1 19. Rgxf1 Rf7 $14) 14... Qe8 15. f4 (15. f3 {This strange
looking move is the computer's first line, let's see further:} Qf7 16. Rhe1
Rae8 17. Kb1 Nd5 {and I don't understand why White should be better?!}) 15...
Qf7 (15... Nf5 16. Qd2 Ng3 17. Rhe1 Qf7 18. Re3 Qxf4 19. Nd5 Qg5 20. Nxc7 Rad8
21. Nb5 $14) 16. Rhf1 Rae8 17. Qd2 Nb4 18. Be4 {White's plan is clear g4-f5.
Black has to take measures against it} Bc6 (18... a5 $5 19. Kb1 (19. a3 a4 20.
Nd4 Ned5 21. axb4 Nxc3 22. Qxc3 Rxe4 23. f5 Rfe8 24. Kb1 {with a fighting
middlegame}) 19... a4 20. Nc1 $5) 19. Rde1 $6 (19. Kb1 $5 {deserved serious
attention, the position with 2 pieces for the rook looks better for White and
the rest is probably pressing.} Bxe4 20. Nxe4 Ned5 21. Ng5 Qg6 22. Rfe1 $1 Nxc2
(22... Rxe1 23. Rxe1 Nxf4 24. Qxb4 Qxg5 25. Qxb7 Qg3 26. Rd1 $14) 23. Rxe8 Rxe8
24. Qxc2 Qxc2+ 25. Kxc2 Ne3+ 26. Kd2 Nxd1 27. Kxd1 $14) 19... Bxe4 (19... Nbd5
$1 {Certainly best, Black attacks f4-c3 and prepares ...Nf6 for an appropriate
moment.} 20. Nd1 $13) 20. Nxe4 Qc4 {It looks tempting, but in fact doesnt
achieve its goal, now Black's pieces will start their retreat.} 21. a3 Nbc6 22.
Qc3 Qd5 $2 (22... Qxc3 $1 23. Nxc3 Kg8 24. g4 $14) (22... Qb5 23. Qf3 $14) 23.
Nbd2 $1 {Now Black is suffering, White has regrouped his knights and g4-f5 is
in the air, with no counterplay on the queenside, Black is doomed to a passive
defence.} Nf5 (23... Ng6 24. g3 $16) 24. g4 Nfd4 25. Qd3 $1 b5 (25... Qa2 26.
Nb3 $1 $16) 26. Kb1 {Unnecessary prophylaxis, Nc3 was much better.} (26. Nc3 $1
$16 {was already much better for White! I thought attack is more important
here, but in fact it just wins a pawn.} Qg2 27. Nxb5 Nxb5 28. Qxb5 $18) 26...
b4 27. a4 $1 (27. Ng5 $5) 27... h6 28. Nb3 (28. Nf3 $1 {Smoother!} a5 29. f5 {
and the knight is trapped on d4 as in the game.}) 28... Re7 $4 (28... Re6 $1 {
was the only move! But still Black is doing very badly. The idea is that now,
if White plays like in the game, with Ned2 Black has} 29. Re3 $1 (29. Ned2 Rxf4
$1 {Here in the game Rxe7 would win, but now, after say Rxe6} 30. Rxe6 $2 (30.
Rxf4 $1 {is still much better...} Rxe1+ 31. Ka2 $16) 30... Rxf1+ 31. Nxf1 Qxe6
32. Nxd4 Nxd4 33. Qxd4 Qe1+ $11 {which makes the whole difference!}) 29... Kg8
30. h4 Rfe8 (30... a5 31. g5 Rf5 32. Nbd2 $1 $18 (32. Ng3 Nxb3 33. Nxf5 Nd2+
34. Kc1 Qxd3 35. cxd3 Rxe3 36. Kxd2 $16)) 31. Rfe1) 29. Ned2 $1 $18 {Ends the
battle roughly.} Rxe1+ 30. Rxe1 g5 31. f5 {Black is helpless vs Re4-Nxd4.} 1-0

[Event "Moscow Tal Memorial 7th"]
[Site "Moscow"]
[Date "2012.06.12"]
[Round "4"]
[White "Morozevich, Alexander"]
[Black "Radjabov, Teimour"]
[Result "1/2-1/2"]
[WhiteElo "2769"]
[BlackElo "2784"]
[Annotator "Marin,M"]
[PlyCount "73"]
[EventDate "2012.06.08"]
[EventType "tourn"]
[EventRounds "9"]
[EventCountry "RUS"]
[EventCategory "22"]
[SourceTitle "CBM 149"]
[Source "ChessBase"]
[SourceDate "2012.07.17"]
[SourceVersion "1"]
[SourceVersionDate "2012.07.17"]
[SourceQuality "1"]

1. e4 e5 2. Nf3 Nc6 3. Bb5 a6 4. Ba4 Nf6 5. O-O Nxe4 6. d4 Be7 ({A never too
fashionable alternative to the main} 6... b5) 7. Re1 b5 8. Rxe4 d5 9. Nxe5 Nxe5
10. Rxe5 bxa4 {After a series of intermediate moves, the game has reached a
slightly unusual position. White has the better structure, but is slightly
behind in development, while the enemy bishop pair can be dangerous.} 11. b3 $5
(11. Nc3 {is more popular, but after} O-O 12. Rxd5 Bd6 {Black gets
compensation similarly to the Marshall Attack.}) 11... O-O 12. Ba3 $146 (12.
Rxe7 Qxe7 13. Ba3 Qg5 14. Bxf8 Bh3 15. Qf1 Kxf8 $132 {Relange,E (2490)
-Benjamin,J (2595)/Mermaid Beach 1998/CBM 062 ext (1/2, 21)}) 12... Bxa3 13.
Nxa3 Qd6 14. Nb1 f6 15. Re3 Bd7 16. Nc3 Rfe8 {White has reached a position
with the better structure, but the knight manoeuvre has cost him a lot of time.
Black is well regrouped and can prevent the knight's access to c5, which
levels the chances.} 17. Rxe8+ Rxe8 18. Qd2 axb3 19. axb3 Qb4 20. h3 Bb5 {
The knight is almost completely neutralised.} 21. Re1 Rxe1+ 22. Qxe1 Kf7 23.
Qe3 c6 24. Nb1 a5 25. Nd2 a4 {Black even gets some microscopic initiative now.}
26. bxa4 Bxa4 27. c3 Qb2 28. Kh2 Bb5 29. Nf3 g5 30. Ng1 Qc2 31. Qg3 Qe4 32. Nf3
h6 33. Qc7+ Kg6 34. Qd6 Kf7 35. Qc7+ Kg6 36. Qd6 Kf7 37. Qc7+ 1/2-1/2

[Event "Moscow Tal Memorial 7th"]
[Site "Moscow"]
[Date "2012.06.13"]
[Round "5"]
[White "Radjabov, Teimour"]
[Black "Carlsen, Magnus"]
[Result "0-1"]
[WhiteElo "2784"]
[BlackElo "2835"]
[Annotator "Mueller,Karsten"]
[PlyCount "118"]
[EventDate "2012.06.08"]
[EventType "tourn"]
[EventRounds "9"]
[EventCountry "RUS"]
[EventCategory "22"]
[SourceTitle "CBM 149"]
[Source "ChessBase"]
[SourceDate "2012.07.17"]
[SourceVersion "1"]
[SourceVersionDate "2012.07.17"]
[SourceQuality "1"]

{Kan,I-Capablanca,J Moscow 1936 0-1 In Capablanca's footsteps Magnus Carlsen
really has an amazing endgame technique. His victory against Radjabov has
remained many of Capablanca's famous win against Kan in Moscow 1936. I have
only looked at the end in more detail but advise you to look at the whole game
to see how Carlsen collected small advantages and always found a way to make
progress towards his aim: Auf Capablancas Spuren Der folgende Endspielsieg
erinnerte viele an eine berühmte Partie Capablancas:} 1. e4 e5 2. Nf3 Nc6 3. d4
exd4 4. Nxd4 Bc5 5. Nxc6 Qf6 6. Qf3 bxc6 7. Qg3 d6 8. Nc3 Qg6 9. Bd3 Nf6 10.
Na4 Bd4 11. c3 Bb6 12. O-O Qxg3 13. hxg3 Ng4 14. Bf4 f6 15. Rad1 h5 16. Be2 Be6
17. Nxb6 axb6 18. a3 Ke7 19. f3 Ne5 20. Kf2 b5 21. Bxe5 fxe5 22. Ke3 h4 23.
gxh4 Rxh4 24. Rh1 Rah8 25. Rxh4 Rxh4 26. Rc1 Rh2 27. Kf2 Rh8 28. Ke3 g5 29. Bd3
Kd7 {[%cal Gd7c8,Gc8b7,Gb7b6,Gc6c5] The start of the first long king march to
make ...c6-c5 possible. Der Beginn des ersten langen Königsmarschs, um ...c5
zu ermöglichen.} 30. Ra1 Bb3 31. Rc1 Kc8 32. Kf2 Kb7 33. Kg3 Be6 34. Ra1 Kb6
35. Rc1 c5 36. Ra1 c4 37. Bc2 Kc5 38. Re1 c6 39. Bb1 Kb6 40. Bc2 Kc7 {[%cal
Gc7e7,Ge7f6,Gd6d5] Carlsen starts another march to make the advance ...d6-d5
possible. Carlsen beginnt einen weiteren langen Marsch, um ...d5 spielen zu
können.} 41. Kf2 Kd7 42. a4 bxa4 43. Ra1 Rb8 44. Ra2 d5 45. exd5 cxd5 46. Bxa4+
Kd6 47. Bc2 d4 {Finally Carlsen has achieved want he wants. But White should
be able to defend due to the reduced winning potential and the option to free
his rook by bringing his king to the queenside. Carlsen hat sein Ziel erreicht.
Weiß sollte sich allerdings gerade noch so über Wasser halten können.} 48. Be4
$1 {The bishop immediately uses its new outpost. Der Läufer nutzt seinen neuen
Vorposten sofort.} Rb6 49. Ke2 {[%cal Ge2d2,Gd2c1] Now it is White's time to
start a king march. Nun beginnt Weiß einen Königsmarsch.} g4 50. fxg4 $6 {
This opens further roads for Black's attack. Dies öffnet dem schwarzen Angriff
Zugstraßen.} (50. Kd2 {is safer as ist sicherer, denn auf} g3 {can be met by
kann folgen} (50... Bd5 51. Kc1 d3 52. Ra5 d2+ 53. Kd1 Bxe4 54. fxe4 Rxb2 55.
Rd5+ Ke6 56. Rc5 $11) (50... gxf3 51. gxf3 Bd7 52. Kc1 d3 53. Ra8 $11) (50...
Ke7 51. Kc1 d3 52. Ra5 Kf6 53. fxg4 Bxg4 54. b4 cxb3 55. Bxd3 $11) 51. Kc1 Bh3
52. Ra8 Bxg2 53. Rg8 $11) 50... Bxg4+ 51. Kd2 Be6 52. Kc2 $2 {Radjabov commits
the final mistake. Radjabov begeht den letzten Fehler.} ({At the press
conference Carlsen gave the prophylactic Auf der Pressekonferenz gab Carlsen
das prophylaktische} 52. Kc1 $1 {and also indicated what he had planned then:
an:} Bd5 53. Bxd5 Kxd5 {but White seems to be able to survive due to the lare
drawish tendency of rook endings, e.g. und Weiß kann sich wegen der großen
Remistendenz der Turmendspiele gerade noch retten:} 54. cxd4 exd4 55. Ra8 Rg6
56. Re8 Rxg2 57. Re7 d3 58. Rb7 Kd4 59. Kd1 Ke3 60. Re7+ Kf2 61. Rf7+ Kg1 62.
Rc7 Rc2 63. Rg7+ $11) 52... Bd5 53. Bxd5 ({Keeping the bishops on the board
with Es hilft nicht, den Läufer mit} 53. Bg6 {does not help: auf dem Brett zu
behalten:} d3+ 54. Kd2 Bxg2 55. Ke3 Bd5 56. Bh5 Kd7 {and the blockade will be
broken sooner or later. A few sample lines run und die Blockade wird früher
oder später gebrochen werden, z.B.} 57. Bd1 (57. Bg4+ Kc7 58. Ra5 Kd6 59. Ra2
Bc6 60. Bd1 Rb7 61. b4 cxb3 62. Rb2 e4 63. Kd4 (63. Rxb3 Rh7 $19) 63... Bd5 64.
c4 Rb4 65. Bxb3 Bc6 66. Kc3 Rb8 67. Kd4 d2 $19) 57... Kc7 58. Ra5 Kd6 59. Ra2
Rb5 60. Bh5 (60. Ra6+ Kc5 61. Ra2 Bc6 62. Bg4 (62. Ba4 Rb7 63. Bxc6 Kxc6 64.
Ra4 Kc5 65. Ra2 Rh7 66. Ra5+ Kd6 $19) 62... Rb8 63. Ra5+ Kd6 64. Ra2 Rg8 $19)
60... Kc5 61. Bg4 Bc6 62. Be6 e4 63. Bf7 (63. Ra4 Bd5 $19) 63... Rb7 64. Ra5+
Kb6 65. Rf5 Rd7 66. Bh5 Rg7 67. Kd4 Rg1 68. Kxc4 d2 69. Kd4 d1=Q+ 70. Bxd1
Rxd1+ $19) 53... d3+ $1 {An all important zwischenschach. Das entscheidende
Zwischenschach.} ({The direct Das direkte} 53... Kxd5 $2 {spoils it due to
verdirbt es wegen} 54. cxd4 exd4 55. Ra5+ Ke4 56. Ra8 {as Black's king has no
hiding place, e.g. denn der schwarze König kann sich nicht verstecken, z.B.}
d3+ 57. Kc3 Rb3+ 58. Kxc4 d2 59. Rd8 Rxb2 60. Kc3 $11) 54. Kd2 Kxd5 55. Ke3 Rg6
56. Ra5+ Ke6 57. Ke4 ({The pawn endgame is lost after Das Bauernendspiel ist
verloren:} 57. Ra6+ Kf5 58. Rxg6 Kxg6 {due to White's backward b-pawn, e.g.
Der weiße Bauer b2 kann nicht eingreifen.} 59. b4 cxb3 60. Kxd3 e4+ 61. Kxe4 b2
$19) (57. b3 Rg3+ 58. Ke4 Rg4+ 59. Ke3 Kf5 60. bxc4 Rg3+ 61. Kf2 (61. Kd2 Ke4
$19) 61... Kf4 62. Rd5 e4 63. c5 (63. Rd8 d2 64. Rf8+ Ke5 65. Rd8 Rd3 $19)
63... e3+ 64. Kf1 e2+ 65. Ke1 Ke4 66. Rh5 Rxg2 67. Kd2 Rg1 $19) (57. Kf2 Rf6+
58. Ke3 (58. Ke1 e4 59. Rh5 e3 60. Rh3 e2 61. Rh1 Kf5 62. Kd2 Kg4 $19) 58...
Rf1 $19) 57... Rg4+ 58. Kf3 Rf4+ 59. Ke3 Rf1 {and Radjabov resigned as Carlsen
mighty passed pawns will decide the day, e.g. und Radjabov gab auf, weil
Carlsens mächtige Freibauern den Tag entscheiden werden, z.B.} (59... Rf1 60.
g4 Re1+ 61. Kd2 Re2+ 62. Kd1 e4 63. Rc5 Rxb2 64. Rxc4 Ke5 65. g5 e3 $19) 0-1